<?xml version="1.0" encoding="UTF-8"?><?xml-stylesheet type="text/xsl" href="static/style.xsl"?><OAI-PMH xmlns="http://www.openarchives.org/OAI/2.0/" xmlns:xsi="http://www.w3.org/2001/XMLSchema-instance" xsi:schemaLocation="http://www.openarchives.org/OAI/2.0/ http://www.openarchives.org/OAI/2.0/OAI-PMH.xsd"><responseDate>2026-04-18T00:56:09Z</responseDate><request verb="GetRecord" identifier="oai:www.recercat.cat:20.500.12327/2671" metadataPrefix="marc">https://recercat.cat/oai/request</request><GetRecord><record><header><identifier>oai:recercat.cat:20.500.12327/2671</identifier><datestamp>2025-10-22T10:55:13Z</datestamp><setSpec>com_2072_4428</setSpec><setSpec>com_2072_4427</setSpec><setSpec>col_2072_487896</setSpec></header><metadata><record xmlns="http://www.loc.gov/MARC21/slim" xmlns:dcterms="http://purl.org/dc/terms/" xmlns:xsi="http://www.w3.org/2001/XMLSchema-instance" xmlns:doc="http://www.lyncode.com/xoai" xsi:schemaLocation="http://www.loc.gov/MARC21/slim http://www.loc.gov/standards/marcxml/schema/MARC21slim.xsd">
   <leader>00925njm 22002777a 4500</leader>
   <datafield ind2=" " ind1=" " tag="042">
      <subfield code="a">dc</subfield>
   </datafield>
   <datafield ind2=" " ind1=" " tag="720">
      <subfield code="a">Alomar, Oscar</subfield>
      <subfield code="e">author</subfield>
   </datafield>
   <datafield ind2=" " ind1=" " tag="720">
      <subfield code="a">Terré, Marta</subfield>
      <subfield code="e">author</subfield>
   </datafield>
   <datafield ind2=" " ind1=" " tag="720">
      <subfield code="a">García-Fruitós, Elena</subfield>
      <subfield code="e">author</subfield>
   </datafield>
   <datafield ind2=" " ind1=" " tag="260">
      <subfield code="c">2023-09</subfield>
   </datafield>
   <datafield ind2=" " ind1=" " tag="520">
      <subfield code="a">El uso de antibióticos para el tratamiento de infecciones en las vacas lecheras durante la lactación genera la leche de descarte. Esta es una leche que&#xd;
contiene residuos de antibióticos y que no se puede usar para consumo&#xd;
ni para generar productos lácteos derivados. Actualmente, esta leche de&#xd;
descarte se vierte al medio ambiente o se usa para alimentar a los temeros, siendo dos estrategias que promueven el aumento de la población de&#xd;
microorganismos resistentes a los antibióticos, así como la transmisión de&#xd;
los genes de resistencia a la microbiota animal y a los microorganismos&#xd;
del medio ambiente. En este contexto, el tratamiento de la leche de descarte&#xd;
se convierte en una necesidad del sector bovino lechero, con la finalidad&#xd;
de poder eliminar los residuos de antibióticos y utilizar esta leche para alimentar a los terneros sin ningún riesgo asociado, fomentando a la vez la&#xd;
economía circular.</subfield>
   </datafield>
   <datafield ind1="8" ind2=" " tag="024">
      <subfield code="a">1699-7883</subfield>
   </datafield>
   <datafield ind1="8" ind2=" " tag="024">
      <subfield code="a">http://hdl.handle.net/20.500.12327/2671</subfield>
   </datafield>
   <datafield ind2="0" ind1="0" tag="245">
      <subfield code="a">Leche de descarte y residuos de antibióticos</subfield>
   </datafield>
</record></metadata></record></GetRecord></OAI-PMH>